000 00199nam a22000857a 4500
008 161212b xxu||||| |||| 00| 0 eng d
100 _91998
_aNCERT
245 _aScience-X
260 _aNew Delhi
_bNCERT
_c2007
999 _c4840
_d4840